[Event "ch-CHN"]
[Site "Xinghua Jiangsu CHN"]
[Date "2009.06.05"]
[Round "10"]
[White "Liang Chong"]
[Black "Li Chao2"]
[Result "0-1"]
[WhiteElo "2511"]
[BlackElo "2643"]

1.d4 Nf6 2.Bg5 d5 3.e3 c5 4.c3 Qb6 5.Qb3 Ne4 6.Qxb6 axb6 7.Bf4 e6 8.Bd3 Nd6
9.Nd2 Nc6 10.a3 f6 11.Ngf3 g5 12.Bg3 h5 13.h3 Bd7 14.O-O Be7 15.e4 cxd4 16.exd5 exd5
17.Nxd4 Nxd4 18.cxd4 Kf7 19.Rfe1 Nf5 20.Bc7 Bd8 21.Bxf5 Bxf5 22.Rac1 Rc8
23.Bxd8 Rhxd8 24.Nf1 Be6 25.Ne3 h4 26.Rf1 Kg6 27.Rce1 Bf5 28.Rd1 Rc6 29.Rd2 Re6
30.Nd1 Ree8 31.Nc3 Rd6 32.f3 Bd7 33.Kf2 f5 34.Re1 Rxe1 35.Kxe1 f4 36.Re2 Kf6
37.Re5 Be6 38.Kd2 Bf7 39.Re1 Be6 40.Rc1 Bd7 41.Na2 Rc6 42.Re1 Re6 43.Rb1 Re3
44.Nc3 Bf5 45.Rd1 Ke6 46.Re1 Rxe1 47.Kxe1 Bc2 48.Nd1 Kd6 49.Nf2 Bf5 50.Kd2 Kc6
51.Kc3 Kb5 52.Kb3 Ka5 53.Kc3 Ka4 54.Nd1 Bg6 55.Nf2 Bf5 56.Nd1 Bg6 57.Nf2 Be8
58.Nd3 Bb5 59.b3+ Kxa3 60.Nb4 Bf1 61.Nxd5 Bxg2 62.Nf6 Bxh3 63.d5 Bf5 64.d6 h3
65.Ne4 h2 66.Nf2 b5 67.b4 Bd7 68.Nh1 g4 69.fxg4 Bxg4 70.Nf2 Bd7 71.Nh1 b6
72.Nf2 Bc6  0-1

[Event "FSGM June"]
[Site "Budapest HUN"]
[Date "2009.06.07"]
[Round "2"]
[White "Duong The Anh"]
[Black "Kislik,E"]
[Result "1/2-1/2"]
[WhiteElo "2434"]
[BlackElo "2314"]

1.d4 Nf6 2.Bg5 g6 3.Bxf6 exf6 4.e3 f5 5.g3 h5 6.h4 d6 7.Bg2 Nd7 8.c4 Nf6
9.Nc3 Bg7 10.Qa4+ Bd7 11.Qa3 Bc6 12.Bxc6+ bxc6 13.Qa4 Qd7 14.Nge2 O-O 15.O-O Rfb8
16.Rab1 a5 17.Qc2 Qe8 18.Rfe1 Nd7 19.Nf4 c5 20.b3 Qd8 21.Rbd1 Rb7 22.Qe2 cxd4
23.exd4 c6 24.Qf3 Rc8 25.Re2 Nf6 26.Rde1 Bf8 27.Qd3 Rcc7 28.Kg2 Re7 29.Qf3 Rxe2
30.Rxe2 Qc8 31.Nd3 Re7 32.Rxe7 Bxe7 33.d5 c5 34.Qe3 Qd7 35.f3 Ne8 36.Qe1 Bd8
37.Nb5 Kf8 38.Qe3 Nc7 39.Nxc7 Qxc7 40.Qe1 Bf6 41.Kh3 Bd4 42.Nf4 Be5 43.Nd3 Bd4
44.Kg2 Qb6 45.Qd2 Qc7 46.Ne1 Be5 47.f4 Bf6 48.Qe3 a4 49.bxa4 Qa5 50.Nf3 Qxa4
51.Qb3 Qe8 52.Qd3 Qa4 53.Qb3 Qe8 54.Qd3 Qa4  1/2-1/2

[Event "12th IHEM"]
[Site "Hamburg GER"]
[Date "2009.06.07"]
[Round "9"]
[White "Pajeken,W"]
[Black "Dalakian,H"]
[Result "1-0"]
[WhiteElo "2317"]
[BlackElo "2130"]

1.d4 Nf6 2.Bg5 d5 3.e3 g6 4.Bxf6 exf6 5.c4 dxc4 6.Bxc4 f5 7.Qb3 Qe7 8.Nc3 c6
9.Nf3 Bg7 10.h4 h5 11.Ne5 Bxe5 12.dxe5 b5 13.Nxb5 O-O 14.Nd6 Ba6 15.f4 Bxc4
16.Qxc4 Nd7 17.Rd1 Rab8 18.b3 c5 19.Qd5 Nb6 20.Qxc5 Rbc8 21.Qa3 Rc3 22.Qb2 Rc6
23.g3 f6 24.O-O fxe5 25.Qxe5 Qxe5 26.fxe5 Rc5 27.e4 Rxe5 28.exf5 gxf5 29.Nc4 Nxc4
30.bxc4 Re2 31.Rf2 Rxf2 32.Kxf2 f4 33.c5 Rc8 34.Rc1 fxg3+ 35.Kxg3 Kg7 36.c6 Kf6
37.Kf4 Ke6 38.c7 Kd7 39.Kg5 Rg8+ 40.Kxh5 Kc8 41.Rc4 Rg2 42.a4 a5 43.Kh6 Rb2
44.Kg5 Rb4 45.Rg4 Kxc7 46.h5 Rb8 47.h6 Rg8+ 48.Kf5 Rf8+ 49.Ke6 Rf1 50.Rh4 Re1+
51.Kf6 Rf1+ 52.Kg5 Rg1+ 53.Rg4 Rh1 54.Kg6  1-0

[Event "XLIV Capablanca Memorial Open"]
[Site "Havana CUB"]
[Date "2009.06.08"]
[Round "1"]
[White "Almeida Quintana,O"]
[Black "Pazos,M"]
[Result "0-1"]
[WhiteElo "2516"]
[BlackElo "1973"]

1.d4 Nf6 2.Bg5 d5 3.Bxf6 gxf6 4.e3 e6 5.c4 c6 6.Nc3 Nd7 7.Qc2 f5 8.O-O-O a6
9.Kb1 Nf6 10.f3 b5 11.c5 Qc7 12.Bd3 Bd7 13.e4 fxe4 14.fxe4 dxe4 15.Bxe4 O-O-O
16.Nf3 Bg7 17.Ne5 Be8 18.Bf3 Nd5 19.Qe2 Nf4 20.Qe3 Nd5 21.Qe1 Kb8 22.Ne4 f6
23.Nd3 Bg6 24.Ka1 Bh6 25.Nxf6 Ne3 26.Nb4 Nc2+ 27.Nxc2 Bxc2 28.Qxe6 Bxd1 29.Rxd1 Bg7
30.d5 Rhf8 31.Nh5 Bh8 32.d6 Qa7 33.Rc1 Rde8 34.Qh6 Rf5 35.Rd1 Qxc5 36.Ng7 Rxf3
37.d7 Rd8 38.gxf3 Rxd7 39.Qf4+ Kc8 40.Rc1 Qd4 41.Qf8+ Rd8 42.Qf7 Qd7 43.Qxd7+ Rxd7
44.Ne6 Rd2 45.Rg1 Be5 46.f4 Bf6 47.Rg8+ Kd7 48.Nc5+ Ke7 49.Kb1 Rxb2+ 50.Kc1 Rxa2
51.Rc8 a5 52.Rxc6 a4 53.Ne4 Bd4 54.f5 Re2 55.f6+ Ke8 56.Rc8+ Kd7 57.f7 Bg7
58.Re8 Re1+ 59.Kc2 Rf1 60.Nc5+ Kd6 61.Ne4+ Kd5 62.Nc3+ Kc6 63.Rc8+ Kd7 64.Rg8 Rf2+
65.Kb1 Rxf7 66.Nxb5 Be5 67.Ra8 Rf4 68.Kc2 Kc6 69.Na3 Kb7 70.Re8 Bd6 71.Nb5 Rf2+
72.Kd3 Bf8 73.Kc4 a3 74.Re1 a2 75.Nc3 Kc6 76.Ra1 Bg7 77.Rxa2 Rf4+ 78.Kd3 Rf3+
79.Ke4 Rxc3 80.Ra7 Rc4+ 81.Kf3 Be5 82.Rxh7 Kd5 83.h4 Rc3+ 84.Kg4 Ke4 85.Re7 Rg3+
86.Kh5 Rg8 87.Rf7 Kd5 88.Rf5 Ke6 89.Rg5 Rh8+ 90.Kg4 Bf6 91.Rh5 Ra8 92.Kf4 Kf7
93.Rb5 Ra4+ 94.Kf5 Rxh4 95.Rb7+ Be7 96.Ra7 Rh5+ 97.Ke4 Ke6 98.Ra2 Rh4+ 99.Kf3 Bd6
100.Ra5 Be5 101.Ra3 Kf5 102.Kg2 Ke4 103.Ra4+ Bd4 104.Ra3 Rh8 105.Ra2 Rg8+
106.Kh1 Kf3 107.Rg2 Ra8 108.Ra2 Rb8 109.Ra3+ Be3  0-1

[Event "TCh-BUL"]
[Site "Sunny Beach BUL"]
[Date "2009.06.13"]
[Round "6"]
[White "Iotov,V"]
[Black "Kolev,At1"]
[Result "1/2-1/2"]
[WhiteElo "2581"]
[BlackElo "2573"]

1.d4 Nf6 2.Bg5 d5 3.Bxf6 exf6 4.e3 Bd6 5.g3 c6 6.Bg2 O-O 7.Ne2 f5 8.Nd2 Nd7
9.c4 dxc4 10.Nxc4 Bc7 11.O-O Nf6 12.Qc2 Qe7 13.Nd2 h5 14.Rac1 Bd6 15.Nc4 Bc7
16.Nd2 Bd6 17.Nc4 Bc7 18.Nd2  1/2-1/2

[Event "zt 2.3"]
[Site "San Jose CRC"]
[Date "2009.06.21"]
[Round "5"]
[White "Sanchez Enriquez,O"]
[Black "Ossa,O"]
[Result "1-0"]
[WhiteElo "2282"]
[BlackElo "2301"]

1.d4 Nf6 2.Bg5 c5 3.Nc3 cxd4 4.Qxd4 Nc6 5.Qh4 Qa5 6.O-O-O d6 7.e4 Be6 8.a3 h6
9.Bxf6 gxf6 10.f4 f5 11.exf5 Qxf5 12.Bd3 Qg4 13.Qf2 Bg7 14.Nge2 Bf5 15.Nd5 Bxd3
16.Rxd3 Rc8 17.Re1 Kf8 18.Ng3 Qh4 19.f5 Be5 20.Kb1 Rg8 21.Re2 Rg4 22.c3 Qxh2
23.Ne4 Qh4 24.g3 Qh5 25.Qf3 f6 26.Re1 Rg5 27.Nxg5 Qxg5 28.Re4 Qg8 29.Rh4 Qh7
30.Ka1 Na5 31.Ka2 Rc4 32.Rxc4 Nxc4 33.Nc7 h5 34.Ne6+ Kg8 35.Qxb7  1-0

[Event "Salongernas IM"]
[Site "Stockholm SWE"]
[Date "2009.06.21"]
[Round "5"]
[White "Eriksson,Jor"]
[Black "Petkevich,J"]
[Result "1/2-1/2"]
[WhiteElo "2211"]
[BlackElo "2423"]

1.d4 Nf6 2.Bg5 d5 3.Bxf6 exf6 4.e3 Bd6 5.Bd3 c6 6.Nd2 Be6 7.Qf3 g6 8.Ne2 f5
9.Nf4 Nd7 10.c4 Nf6 11.cxd5 cxd5 12.O-O O-O 13.Qe2 Bd7 14.Nf3 Re8 15.Qd1 Qb6
16.Qb3 Qxb3 17.axb3 a6 18.Rfc1 Rac8 19.g3 Rxc1+ 20.Rxc1 Rc8 21.Rxc8+ Bxc8
22.h4 h6 23.Be2 Bxf4 24.exf4 Kf8 25.Kf1 Ke7 26.Ke1 h5 27.Ne5 Be6 28.f3 Kd6
29.Kd2  1/2-1/2

[Event "Open"]
[Site "Albena BUL"]
[Date "2009.06.22"]
[Round "3"]
[White "Vasilev,M"]
[Black "Baciu,D"]
[Result "1/2-1/2"]
[WhiteElo "2487"]
[BlackElo "2139"]

1.d4 d5 2.Bg5 Nf6 3.Nf3 c6 4.Nbd2 Bf5 5.Bxf6 exf6 6.e3 Bd6 7.Be2 O-O 8.O-O Nd7
9.c4 Re8 10.cxd5 cxd5 11.Qb3 Nb6 12.Nb1 Qe7 13.Nc3 Be6 14.Nd2 Bb4 15.Rac1 Rac8
16.Ndb1 Red8 17.Nb5 a6 18.N5c3 Rc6 19.Bf3 Rdc8 20.a3 Ba5 21.Qd1 Bxc3 22.Rxc3 Nc4
23.Qe2 Qd6 24.e4 g6 25.Rd3 dxe4 26.Bxe4 Rb6 27.b4 a5 28.d5 Bd7 29.Rc3 Ne5
30.bxa5 Rxc3 31.axb6 Rb3 32.Qc2 Qxb6 33.Nd2 Rxa3 34.Nc4 Nxc4 35.Qxc4 Ra4
36.Qc2 Kg7 37.h3 Qd4 38.Bf3 Rc4 39.Qe2 Ba4 40.Qe7 b6 41.d6 Rc2 42.Bd1 Rd2
43.Bxa4 Qxa4 44.Qc7 Qd4 45.d7 b5 46.Qb7 Qxd7  1/2-1/2

[Event "zt 3.4"]
[Site "Tashkent UZB"]
[Date "2009.06.24"]
[Round "11"]
[White "Kvon,A"]
[Black "Annaberdiyev,B"]
[Result "1-0"]
[WhiteElo "2425"]
[BlackElo "2244"]

1.d4 Nf6 2.Bg5 g6 3.Nc3 d5 4.Bxf6 exf6 5.Qd3 f5 6.Nh3 c6 7.O-O-O Bh6+ 8.Kb1 Nd7
9.Qg3 Nf6 10.e3 O-O 11.Nf4 Bg7 12.f3 Re8 13.Qf2 a5 14.h3 h5 15.Bd3 a4 16.a3 b5
17.Na2 Qd6 18.Nb4 Ra7 19.g3 Rae7 20.Rhe1 Nh7 21.Bf1 Ng5 22.Nbd3 Ne6 23.Nxe6 Bxe6
24.f4 Bf6 25.Be2 Kg7 26.Bf3 Rh8 27.Rh1 Bc8 28.Rde1 Ree8 29.Qd2 Bd7 30.Kc1 Rb8
31.Qb4 Qxb4 32.axb4 h4 33.g4 fxg4 34.hxg4 g5 35.f5 Ra8 36.Kd2 Ra7 37.Ra1 Rha8
38.Bg2 Be7 39.Bh3 Bd6 40.Ra3 Kf6 41.Rha1 Ke7 42.c3 Bb8 43.Bg2 Kf6 44.Ke2 Be8
45.Nc5 Kg7 46.Kd3 Bd6 47.Nb3 Re7 48.Nd2 Bd7 49.e4 dxe4+ 50.Nxe4 Bf4 51.f6+  1-0

[Event "King's Gambit A"]
[Site "Lipetsk RUS"]
[Date "2009.06.27"]
[Round "5"]
[White "Derbenev,A"]
[Black "Gladyszev,O"]
[Result "1-0"]
[WhiteElo "2408"]
[BlackElo "2434"]

1.d4 Nf6 2.Bg5 g6 3.Nc3 d5 4.f3 c5 5.e4 dxe4 6.dxc5 Qa5 7.Bxf6 exf6 8.Qd4 Qxc5
9.Bb5+ Bd7 10.Qxe4+ Qe5 11.O-O-O Qxe4 12.Bxd7+ Nxd7 13.Nxe4 f5 14.Nd6+ Bxd6
15.Rxd6 Ke7 16.Rd4 Rhd8 17.Ne2 Nf6 18.Rhd1 Rxd4 19.Rxd4 Rc8 20.Kd2 a6 21.c4 g5
22.Nc3 Ke6 23.b3 Nd7 24.Na4 Rc6 25.Rd5 h6 26.Nc3 Nf6 27.Rd8 Ke7 28.Rb8 Rd6+
29.Kc2 Rd7 30.Na4 Rc7 31.Nb6 h5 32.Kc3 Ke6 33.Kd4 f4 34.a4 Kf5 35.Rc8 Re7
36.Rc5+ Kg6 37.Re5 Rc7 38.a5 Ng8 39.Nd5 Rd7 40.Kc5 f6 41.Re8 Nh6 42.Re7 Rxe7
43.Nxe7+ Kf7 44.Nd5 Nf5 45.Kb6 Nh4 46.Kxb7 Nxg2 47.c5 g4 48.Nc3 Ne3 49.c6 Nf5
50.Ne4 g3 51.hxg3 fxg3 52.c7 g2 53.c8=Q g1=Q 54.Qxf5 Qd4 55.Qxh5+ Kg7 56.Qc5 Qd3
57.Qe7+ Kh8 58.Qxf6+ Kg8 59.Nc5 Qd5+ 60.Qc6  1-0

[Event "Open"]
[Site "Pula CRO"]
[Date "2009.06.27"]
[Round "1"]
[White "Drazic,S"]
[Black "Munukka,T"]
[Result "1-0"]
[WhiteElo "2533"]
[BlackElo "2026"]

1.d4 Nf6 2.Bg5 g6 3.Bxf6 exf6 4.e3 Bg7 5.c4 d6 6.Nc3 O-O 7.g3 c5 8.Nge2 Nc6
9.Bg2 f5 10.dxc5 dxc5 11.Qxd8 Nxd8 12.O-O-O Ne6 13.Kc2 Re8 14.b3 Kf8 15.Rd2 Rd8
16.Rxd8+ Nxd8 17.Rd1 Bf6 18.Nb5 a6 19.Nc7 Rb8 20.Nd5 Be7 21.Nb6 Ke8 22.Nf4 Be6
23.h4 Nc6 24.Bxc6+ bxc6 25.Na4 Rd8 26.Rxd8+ Kxd8 27.Nd3 f6 28.Naxc5 Bc8 29.b4 Kc7
30.a4 h6 31.Kc3 g5 32.f4 g4 33.Kd4 Bd6 34.a5 h5 35.Na4 Bb7 36.Ndc5 Be7 37.Kd3 Bc8
38.Kc3 Kd8 39.Kd4 Kc7 40.Nb6 Bb7 41.Ne6+ Kd6 42.Nc5 Kc7 43.Ne6+ Kd6 44.Ng7 c5+  1-0

[Event "IM Tespo Engineering"]
[Site "Brno CZE"]
[Date "2009.06.28"]
[Round "4"]
[White "Bagrationi,A"]
[Black "Pertlova,S"]
[Result "0-1"]
[WhiteElo "2370"]
[BlackElo "2232"]

1.d4 Nf6 2.Bg5 d5 3.Bxf6 exf6 4.e3 Bd6 5.Nd2 f5 6.Bd3 c6 7.Qf3 g6 8.h3 h5
9.Ne2 Nd7 10.c4 Nf6 11.Nc3 Be6 12.O-O Bc7 13.cxd5 Nxd5 14.Rfe1 Qd6 15.Nf1 O-O-O
16.a3 Kb8 17.Nxd5 Bxd5 18.Qe2 Be4 19.Rac1 g5 20.Bxe4 fxe4 21.Rc5 Qe7 22.Ng3 h4
23.Nf1 Rd5 24.Rec1 f5 25.b4 Bd6 26.R5c4 Qe6 27.a4 g4 28.hxg4 fxg4 29.b5 cxb5
30.axb5 g3 31.f4 exf3 32.gxf3 h3 33.e4 Rg5 34.Ne3 g2 35.Ng4 Bf4 36.Rd1 Rxg4
37.fxg4 Qh6 38.Qe1 Be3+  0-1

[Event "Open"]
[Site "Pula CRO"]
[Date "2009.07.01"]
[Round "6"]
[White "Martinovic,Sa"]
[Black "Cela,S"]
[Result "1/2-1/2"]
[WhiteElo "2483"]
[BlackElo "2304"]

1.d4 Nf6 2.Bg5 d5 3.Bxf6 exf6 4.e3 Be6 5.Bd3 Bd6 6.Qf3 Qd7 7.Nd2 Nc6 8.c3 Ne7
9.h3 c6 10.Ne2 Bf5 11.e4 Bg6 12.O-O O-O 13.exd5 cxd5 14.Bxg6 Nxg6 15.Rfe1 Rfe8
16.Nf1 Re4 17.Neg3 Bxg3 18.Nxg3 Re6 19.Nf5 Rae8 20.Re3 Rxe3 21.Nxe3 Re4 22.Qf5 Qxf5
23.Nxf5 Re2 24.Rb1 Nf4 25.Ne3 Rd2  1/2-1/2

[Event "Brama Lubawska"]
[Site "Lubawka POL"]
[Date "2009.07.03"]
[Round "7"]
[White "Stepinski,S"]
[Black "Lahiri,A"]
[Result "0-1"]
[WhiteElo "1992"]
[BlackElo "2332"]

1.d4 Nf6 2.Bg5 c5 3.Bxf6 gxf6 4.dxc5 Na6 5.e3 Nxc5 6.Nf3 a6 7.Nbd2 d6 8.c3 f5
9.b4 Nd7 10.Qc2 Bg7 11.Rb1 Nf6 12.c4 a5 13.a3 axb4 14.axb4 Ne4 15.Nxe4 fxe4
16.Nd2 Bf5 17.Be2 d5 18.cxd5 Qxd5 19.Bc4 Qc6 20.Qb3 O-O 21.Bd5 Qc3 22.Qxc3 Bxc3
23.Ke2 Bxd2  0-1

[Event "37th Greek Teams"]
[Site "Kallithea GRE"]
[Date "2009.07.05"]
[Round "4"]
[White "Stavrianakis,I"]
[Black "Souleidis,G"]
[Result "0-1"]
[WhiteElo "2240"]
[BlackElo "2435"]

1.d4 Nf6 2.Bg5 d5 3.Bxf6 gxf6 4.Nd2 c5 5.dxc5 Qa5 6.c3 Qxc5 7.Ngf3 Nc6 8.e4 Be6
9.Qa4 O-O-O 10.Nb3 Qb6 11.exd5 Bxd5 12.Be2 Rg8 13.O-O Ne5 14.Kh1 Rg4 15.Qa5 Qxa5
16.Nxa5 Nxf3 17.gxf3 Rf4 18.Kg2 Bh6 19.Rfd1 Rg8+ 20.Kf1 Bxf3 21.Bxf3 Rxf3
22.Rd4 Rf5 23.b4 Be3 24.Rc4+ Kb8 25.Ke2 Bb6  0-1

[Event "37th Greek Teams"]
[Site "Kallithea GRE"]
[Date "2009.07.06"]
[Round "6"]
[White "Ignatiadis,K"]
[Black "Aggelis,N"]
[Result "1-0"]
[WhiteElo "2227"]
[BlackElo "2296"]

1.d4 Nf6 2.Bg5 d5 3.Bxf6 gxf6 4.e3 c5 5.Nf3 Nc6 6.c3 e5 7.Nbd2 Rg8 8.g3 Be6
9.a3 Bd6 10.b4 c4 11.Bg2 e4 12.Ng1 Qd7 13.f3 exf3 14.Ngxf3 Bf5 15.O-O O-O-O
16.Nh4 Bd3 17.Qf3 Rde8 18.Rae1 Bxf1 19.Rxf1 Ne7 20.e4 Ng6 21.Nf5 Ne7 22.Nxd6+ Qxd6
23.exd5 b5 24.Ne4 Qxd5 25.Nxf6 Qxf3 26.Rxf3 Ref8 27.Nxg8 Nxg8 28.Rf5 a6 29.a4 bxa4
30.Ra5 Kc7 31.Rxa6 Re8 32.Kf2 Re6 33.Rxa4 Nf6 34.h3 Nd7 35.Ra7+ Kd6 36.Ra6+ Kc7
37.Rxe6 fxe6 38.g4 Kd6 39.Ke3 Nb6 40.g5 e5 41.Be4 Na4 42.Kd2  1-0

[Event "37th Greek Teams"]
[Site "Kallithea GRE"]
[Date "2009.07.07"]
[Round "7"]
[White "Ignatiadis,K"]
[Black "Halkias,S"]
[Result "0-1"]
[WhiteElo "2227"]
[BlackElo "2564"]

1.d4 Nf6 2.Bg5 c5 3.Bxf6 gxf6 4.c3 Qb6 5.Qd2 d5 6.e3 Nc6 7.Nf3 e5 8.dxc5 Qxc5
9.Qe2 Rg8 10.Nbd2 Qb6 11.O-O-O Be6 12.Kb1 a6 13.h3 Rc8 14.g3 Na7 15.Ka1 Nb5
16.Rc1 Qa5 17.Nb3 Qa4 18.Qd1 Nd6 19.Nfd2 Ne4 20.Nxe4 dxe4 21.c4 Bb4 22.Qc2 f5
23.g4 b5 24.gxf5 Bxf5 25.Be2 Ke7 26.Bg4 Bxg4 27.hxg4 Rxc4 28.Qd1 Rd8 29.Qe2 Rdc8
30.Kb1 Bd6 31.Rxh7 Qxb3 32.axb3 Rxc1+ 33.Ka2 R8c2  0-1

[Event "XXXII Open"]
[Site "Barbera ESP"]
[Date "2009.07.08"]
[Round "5"]
[White "Almeida Quintana,O"]
[Black "Sanchez Jerez,E"]
[Result "1-0"]
[WhiteElo "2524"]
[BlackElo "2212"]

1.d4 Nf6 2.Bg5 c5 3.d5 Ne4 4.Bc1 e6 5.c4 exd5 6.cxd5 Qb6 7.Qc2 Nf6 8.e4 g6
9.Nd2 d6 10.Bd3 Bg7 11.Nc4 Qd8 12.Qa4+ Bd7 13.Nxd6+ Ke7 14.Qa3 Kxd6 15.e5+ Kxe5
16.Qxc5 Nxd5 17.Nf3+ Ke6 18.Ng5+ Kf6 19.Qd6+ Be6 20.Ne4+ Kf5 21.g4+ Kxg4
22.Qg3+ Kf5 23.Nd6+  1-0

[Event "XXXII Open"]
[Site "Barbera ESP"]
[Date "2009.07.09"]
[Round "6"]
[White "Rojas Keim,L"]
[Black "Deshpande,Ani"]
[Result "0-1"]
[WhiteElo "2453"]
[BlackElo "2211"]

1.d4 d5 2.Bg5 Nf6 3.Bxf6 exf6 4.e3 Bf5 5.Bd3 Bxd3 6.Qxd3 c6 7.Nc3 Bb4 8.Ne2 O-O
9.O-O Nd7 10.Nd1 Qe7 11.c4 dxc4 12.Qxc4 f5 13.Ndc3 g6 14.a3 Bd6 15.b4 a6
16.Rab1 Rfc8 17.Qd3 b5 18.e4 fxe4 19.Nxe4 Nb6 20.N2c3 a5 21.Rfe1 axb4 22.Nxd6 Qxd6
23.Ne4 Qf4 24.axb4 Re8 25.g3 Qf5 26.Kg2 Kg7 27.Rbc1 Nc4 28.d5 Qxd5 29.Qc3+ Qe5
30.Qf3 Ra3 31.Nf6 Rxf3 32.Nxe8+ Kf8 33.Rxe5 Nxe5 34.Nc7 Rxf2+ 35.Kxf2 Nd3+
36.Ke3 Nxc1 37.Kd2 Na2 38.Na6 Ke7 39.Kc2 Kd6 40.Kb2 Nxb4 41.Nxb4 c5 42.Na6 f5
43.Kc3 g5 44.Kd3 f4  0-1

[Event "XXXII Open"]
[Site "Barbera ESP"]
[Date "2009.07.09"]
[Round "6"]
[White "Moskalenko,V1"]
[Black "Ipatov,A ESP"]
[Result "1-0"]
[WhiteElo "2558"]
[BlackElo "2454"]

1.d4 Nf6 2.Bg5 c5 3.d5 d6 4.Nc3 a6 5.a4 g6 6.e4 Bg7 7.Nf3 O-O 8.Be2 h6 9.Bf4 g5
10.Bc1 e6 11.h4 g4 12.Nd2 exd5 13.exd5 Nbd7 14.Nc4 Ne5 15.Nxe5 dxe5 16.Be3 Qd6
17.Qd2 Nh5 18.Ne4 Qg6 19.Nxc5 b6 20.Nd3 f5 21.f4 gxf3 22.gxf3 f4 23.Bf2 Bf5
24.Rg1 Qf6 25.a5 bxa5 26.Nc5 Ng3 27.c3 Kh8 28.Bd3 Rab8 29.Bxf5 Qxf5 30.Ne6 e4
31.Bd4 e3 32.Bxg7+ Kg8 33.Qh2 Qxd5 34.Nxf4 Rxf4 35.Rxg3 Kh7 36.Qc2+ Rf5 37.Bd4 Rg8
38.Rxg8 Kxg8 39.Qe4  1-0

[Event "19th Heart of Finland Open"]
[Site "Jyvaskyla FIN"]
[Date "2009.07.09"]
[Round "4"]
[White "Anttila,P"]
[Black "Nevanlinna,R"]
[Result "1-0"]
[WhiteElo "2057"]
[BlackElo "2292"]

1.d4 Nf6 2.Bg5 c5 3.e3 Ne4 4.Bf4 Qb6 5.Nc3 Qa5 6.Bd3 Nxc3 7.Qd2 cxd4 8.exd4 b6
9.Qxc3 Qxc3+ 10.bxc3 Bb7 11.Nf3 Bxf3 12.gxf3 Nc6 13.Ba6 Na5 14.c4 e6 15.Kd2 Be7
16.Rhg1 O-O 17.Kd3 g6 18.Rae1 d6 19.d5 e5 20.Bh6 Rfd8 21.f4 f6 22.fxe5 fxe5
23.f4 Bf6 24.f5 Bg7 25.Bg5 Rd7 26.fxg6 hxg6 27.Be3 Kh7 28.Rg3 Rf8 29.Reg1 Nb7
30.Bxb7 Rxb7 31.Rxg6 Rf6 32.Rxf6 Bxf6 33.Ke4 Rc7 34.Kf5 Bg7 35.Rg4 Re7 36.h4 Rf7+
37.Ke6 Rf3 38.Bg5 Bf8 39.a4 a5 40.Bd8 Ra3 41.Bxb6 Rxa4 42.Bc7 Rb4 43.Bxd6 Bxd6
44.Kxd6 a4 45.Kxe5 a3 46.Rg3 Ra4 47.Rg1  1-0

[Event "XXIX Open"]
[Site "Benasque ESP"]
[Date "2009.07.10"]
[Round "9"]
[White "Laznicka,V"]
[Black "Mamedov,Nid"]
[Result "1-0"]
[WhiteElo "2617"]
[BlackElo "2614"]

1.d4 Nf6 2.Bg5 d5 3.e3 g6 4.Bxf6 exf6 5.g3 Bd6 6.Bg2 c6 7.Ne2 Nd7 8.b3 f5
9.c4 Nf6 10.Nbc3 Be6 11.c5 Bc7 12.b4 a6 13.a4 O-O 14.O-O g5 15.b5 Qd7 16.Qd3 Kg7
17.f4 h6 18.Rfb1 a5 19.Nc1 Ne4 20.Nb3 gxf4 21.gxf4 Kh7 22.Nd2 Rg8 23.Nf3 Rg7
24.Ra2 Rag8 25.Rc2 Bd8 26.Rbb2 Qe8 27.bxc6 bxc6 28.Rb7 Bc8 29.Ra7 Qe6 30.Nd1 Qg6
31.Qe2 Qe6 32.Qe1 Kh8 33.Ne5 f6 34.Rxg7 Rxg7 35.Nf3 Ba6 36.Qh4 Kh7 37.Qh5 Bc7
38.Kh1 Bc8 39.Bh3 Rg4 40.Nh4 Ng5 41.Qg6+ Kh8 42.Bxg4  1-0

[Event "ch-SUI"]
[Site "Graechen SUI"]
[Date "2009.07.10"]
[Round "2"]
[White "Mienert,A"]
[Black "Bigg,A"]
[Result "0-1"]
[WhiteElo "2130"]
[BlackElo "2289"]

1.d4 Nf6 2.Bg5 c5 3.d5 Ne4 4.Bf4 Qb6 5.Qc1 e6 6.f3 Nf6 7.dxe6 fxe6 8.c4 Be7
9.e4 Nc6 10.Nc3 O-O 11.Nge2 d6 12.Qd2 e5 13.Be3 Nd4 14.Ng3 Be6 15.Bd3 Qd8
16.O-O Rc8 17.Nd5 a6 18.Rab1 Nxd5 19.exd5 Bd7 20.Bxd4 cxd4 21.Ne4 Bf5 22.Qe2 Bxe4
23.Qxe4 g6 24.f4 Bf6 25.f5 g5 26.g4 Kg7 27.Rf2 Rh8 28.b4 Qd7 29.Rfb2 b5 30.cxb5 axb5
31.Rb3 Ra8 32.Qe2 Qa7 33.Rc1 Rhc8 34.Rc6 Rxc6 35.dxc6 d5 36.Kg2 e4 37.Bxb5 d3
38.Qd1 Qxa2+ 39.Kg1 Bd4+ 40.Kh1 Be5  0-1

[Event "19th Heart of Finland Open"]
[Site "Jyvaskyla FIN"]
[Date "2009.07.11"]
[Round "8"]
[White "Anttila,P"]
[Black "Koskela,N"]
[Result "1/2-1/2"]
[WhiteElo "2057"]
[BlackElo "2236"]

1.d4 Nf6 2.Bg5 d5 3.Nd2 Nbd7 4.e3 e5 5.dxe5 Nxe5 6.Ngf3 Bd6 7.h3 c6 8.Nd4 h6
9.Bh4 Ng6 10.N2f3 Nxh4 11.Nxh4 Ne4 12.Nhf3 O-O 13.Bd3 c5 14.Ne2 Re8 15.c4 Qa5+
16.Kf1 Qb6 17.Qc2 Be6 18.Nf4 Bxf4 19.exf4 Nf6 20.Ne5 dxc4 21.Bxc4 Nd5 22.g3 f6
23.f5 fxe5 24.fxe6 Qc6 25.Kg1 b5 26.Be2 Nf6 27.a4 a6 28.Kh2 c4 29.Rhc1 Qxe6
30.b3 cxb3 31.Qb2 Rec8 32.axb5 axb5 33.Rxc8+ Rxc8 34.Bxb5 Ne4 35.Rc1 Rxc1
36.Qxc1 Kh8 37.Kg2 Nd6 38.Ba4 Nf5 39.Bxb3 Nh4+ 40.gxh4 Qxb3 41.Qc8+ Qg8 42.Qxg8+ Kxg8
43.f4 Kf7 44.fxe5 Ke6 45.Kf3 Kxe5 46.Kg4 Kf6 47.Kh5 Kf7 48.Kg4 Kg6 49.h5+ Kf6  1/2-1/2

[Event "Canadian Open"]
[Site "Edmonton CAN"]
[Date "2009.07.12"]
[Round "2"]
[White "Nadeau,G"]
[Black "MacKinnon,K"]
[Result "0-1"]
[WhiteElo "1674"]
[BlackElo "2148"]

1.d4 Nf6 2.Bg5 d5 3.c4 dxc4 4.Nc3 e6 5.e3 Be7 6.Bxc4 O-O 7.Nge2 a6 8.O-O b5
9.Bd3 Bb7 10.f3 c5 11.Bxf6 Bxf6 12.dxc5 Qc7 13.b4 Nc6 14.Rb1 Ne5 15.Qc2 Rad8
16.Bxh7+ Kh8 17.Be4 Nc4 18.Bxb7 Qxb7 19.Qc1 Nd2 20.Ne4 Nxf1 21.Qxf1 Be5 22.Qf2 g6
23.Nd4 Qd5 24.Rd1 Qc4 25.f4 Bxd4 26.exd4 Kg7 27.Qh4 f6 28.Nd6 Qxb4 29.f5 Rxd6
30.cxd6 exf5 31.Re1 Qxd6 32.Qf2 Rc8 33.h3 Rc4 34.d5 Qxd5 35.Qa7+ Kh6 36.Qe3+ f4
37.Qe8 Rc2 38.Re2 Qd1+ 39.Re1 Qd2 40.Qe4 Qf2+ 41.Kh1 Rxa2 42.Rg1 Qg3 43.Qe7 f3
44.Qe3+ g5  0-1

[Event "61st ch-MNE"]
[Site "Cetinje MNE"]
[Date "2009.07.14"]
[Round "5"]
[White "Kosic,D"]
[Black "Benderac,S"]
[Result "1-0"]
[WhiteElo "2488"]
[BlackElo "2373"]

1.d4 Nf6 2.Bg5 g6 3.Bxf6 exf6 4.e3 Bg7 5.c4 d6 6.Nc3 O-O 7.g3 f5 8.Bg2 Nd7
9.Nge2 Nf6 10.b4 Re8 11.O-O g5 12.b5 h5 13.Qd3 Qe7 14.a4 Ne4 15.a5 Rb8 16.Nd5 Qd8
17.b6 axb6 18.axb6 c6 19.Nc7 Rf8 20.Ra5 Qe7 21.Nc3 Nf6 22.Ra7 Bd7 23.Rb1 Bh6
24.Ra5 Kg7 25.e4 fxe4 26.Nxe4 Nxe4 27.Bxe4 Bg4 28.Bf3 Bxf3 29.Qxf3 Qf6 30.Qxf6+ Kxf6
31.Re1 Rfd8 32.Kg2 Kg6 33.d5 c5 34.Ra7 Bf8 35.Ra3 Bg7 36.f4 gxf4 37.gxf4 Bf6
38.Kf3 Kf5 39.Rae3 h4 40.Re8 Rxe8 41.Nxe8 Rd8 42.h3 Bd4 43.Re7 Kg6 44.Ke4 Bc3
45.Kf3 Ba5 46.Kg4 Bxb6 47.f5+ Kh6 48.Nf6 Kg7 49.Ne4 Ba5 50.Rxb7 Bb4 51.Ng5 Kf6
52.Rxf7+ Ke5 53.Re7+  1-0

[Event "Open"]
[Site "Rethymno GRE"]
[Date "2009.07.15"]
[Round "5"]
[White "Stefanova,A"]
[Black "Stiri,A"]
[Result "1-0"]
[WhiteElo "2535"]
[BlackElo "2163"]

1.d4 Nf6 2.Bg5 d5 3.Nd2 c5 4.dxc5 Na6 5.e4 Nxc5 6.e5 Nfd7 7.Ngf3 Qc7 8.Bf4 b6
9.c4 Bb7 10.b4 Ne6 11.Bg3 g6 12.Rc1 d4 13.c5 bxc5 14.Bc4 Bg7 15.bxc5 Ndxc5
16.Nb3 Qb6 17.Nxc5 Nxc5 18.Qxd4 Qa5+ 19.Ke2 Ne4 20.Bh4 O-O 21.Bxe7 Rfe8 22.Bb4 Qd8
23.Qxd8 Raxd8 24.Rhd1 Rxd1 25.Rxd1 a5 26.Rd7 Ba6 27.Bxa6 axb4 28.Bc4 Ng5
29.h4 Rc8 30.Nxg5 Rxc4 31.Rd8+ Bf8 32.Kd3 Rf4 33.f3 h6 34.e6 Kg7 35.Nxf7 Rf6
36.Re8 Bc5 37.Ne5 Bf2 38.Ng4 Bxh4  1-0

[Event "TCh Eur-Youth U18"]
[Site "Pardubice CZE"]
[Date "2009.07.16"]
[Round "1"]
[White "Martinovic,Sa"]
[Black "Matvienko,I"]
[Result "0-1"]
[WhiteElo "2525"]
[BlackElo "2304"]

1.d4 Nf6 2.Bg5 d5 3.Bxf6 exf6 4.e3 Bd6 5.c4 dxc4 6.Bxc4 f5 7.Nc3 c6 8.Nf3 O-O
9.Qc2 a5 10.h4 Na6 11.a3 b5 12.Bd3 g6 13.h5 Bd7 14.Kf1 b4 15.Na4 c5 16.hxg6 hxg6
17.Nxc5 Nxc5 18.dxc5 Rc8 19.axb4 axb4 20.Qc4 Bxc5 21.Qf4 Qf6 22.Ne5 Rfd8
23.Bc4 Be8 24.Qh2 Bd6 25.f4 Bxe5 26.fxe5 Qg7 27.b3 Rc5 28.Ra6 Rd1+ 29.Kf2 Rxh1
30.Qxh1 Rxe5 31.Qa1 g5 32.Ra8 Qh8 33.Kg1 f4 34.Bb5 Kh7 35.exf4 gxf4 36.Bd3+ f5
37.Ra7+ Kh6 38.Qf1 Kg5 39.Rb7 Qh4 40.Be2 Bh5 41.Bxh5 Qxh5 42.Rxb4 Qh4 43.Rc4 Qg3
44.Rd4 Re1 45.Rxf4 Rxf1+ 46.Rxf1 Qxb3 47.Rf3 Qd1+ 48.Kf2 Qd2+ 49.Kg3 Qe1+
50.Kh2 f4 51.Rh3 Kf5 52.Rh5+ Ke4 53.Rh3 Qe3 54.Rh8 Kd3 55.Ra8 Qc1 56.Re8 Qc6
57.Rb8 Qd5 58.Rc8 f3 59.gxf3 Qxf3 60.Rg8 Qh5+ 61.Kg1 Ke3 62.Rg2 Qh4 63.Rg8 Qf2+
64.Kh1 Qf1+ 65.Kh2 Qf4+ 66.Kg2 Qf3+ 67.Kg1 Qd1+ 68.Kh2 Qd6+ 69.Kg1 Kf3 70.Rg2 Qd4+
71.Kh2 Qf4+ 72.Kg1 Qc1+ 73.Kh2 Qe1 74.Rg8 Qd2+ 75.Kg1 Qd1+ 76.Kh2 Qc2+ 77.Kg1 Qb1+  0-1

[Event "Open"]
[Site "Condom FRA"]
[Date "2009.07.17"]
[Round "8"]
[White "Prieur,A"]
[Black "Bourjol,D"]
[Result "1/2-1/2"]
[WhiteElo "1698"]
[BlackElo "1738"]

1.d4 Nf6 2.Bg5 c5 3.e3 Qb6 4.b3 Ne4 5.Bh4 g5 6.f3 Qb4+ 7.Ke2 Nc3+ 8.Nxc3 Qxc3
9.Be1 Qb2 10.Kf2 cxd4 11.Qxd4 Qxd4 12.exd4 Bg7 13.c3 b6 14.Bd3 Bb7 15.Bd2 h6
16.Ne2 e6 17.Rac1 Nc6 18.Rhe1 O-O 19.Ng3 f5 20.d5 Ne5 21.Bb1 Bxd5 22.c4 Bc6
23.Nh5 Ng6 24.Nxg7 Kxg7 25.Bc3+  1/2-1/2